Juli pergi klinik

Bibliographic Details
Main Author: Surayah Hussin
Format: Book
Published: Johor : Penerbitan PHD , 2006
Series:Siri suka duka kampung Permai
Subjects:

MARC

LEADER 00000cam a2200000 7i4500
001 0000007296
005 20220105104030.0
008 070829
020 |a 9833115772 
090 0 0 |a JP   |b EL MAL (8088) 
100 0 |a Surayah Hussin 
245 1 0 |a Juli pergi klinik   |c Surayah Hussin 
260 |a Johor :   |b Penerbitan PHD ,   |c 2006 
440 |a Siri suka duka kampung Permai 
500 |a Children age 4-6 years old (yellow) 
650 0 |a Early learning 
650 0 |a Malay   |x Study and teaching 
999 |a 0000947578   |b Book   |c Children Collection   |e Cawangan Pontian 
999 |a 0000947579   |b Book   |c Children Collection   |e Cawangan Pontian 
999 |a 0000989921   |b Book   |c Children Collection   |e Perbadanan Perpustakaan Awam Johor 
999 |a 0000989922   |b Book   |c Children Collection   |e Cawangan Tmn. Ungku Tun Aminah 
999 |a 0000989923   |b Book   |c Children Collection   |e Cawangan Segamat 
999 |a 0000989924   |b Book   |c Children Collection   |e Perbadanan Perpustakaan Awam Johor 
999 |a 0000989925   |b Book   |c Children Collection   |e Perbadanan Perpustakaan Awam Johor